| 000 | 00719nac a22001811u 4500 | ||
|---|---|---|---|
| 010 | _a 94016744 | ||
| 020 | _a0201543222 | ||
| 082 | 0 | 0 |
_a005.133 _bR6431 |
| 090 |
_c4423 _d4423 |
||
| 100 | _aRoberts, Eric. | ||
| 245 | 1 | 4 |
_aThe art and science of C : _ba library-based introduction to computer science / _cEric S. Roberts. |
| 260 |
_aReading, Mass. : _bAddison-Wesley Pub. Co., _cc1995. |
||
| 300 |
_axxviii, 704 p. : _bill. ; _c23 cm. |
||
| 500 | _aIncludes index. | ||
| 650 | 0 | _aC (Computer program language) | |
| 942 |
_cBB _k005.133R6431 |
||
| 999 |
_c4423 _d4423 |
||